=LDR 00000nam 2200000 4500 =001 INLIS000000000017630 =005 20130612112837 =008 ***********************************Ind** =035 ##$$0010-061300000017630 =041 ##$$a Ind =082 ##$$a 611.31 =090 ##$$a 611.31, Gay p =100 ##$$a Gayford =245 ##$$a Penyakit mulut = clinical oral medicine, oleh J.J Gayford =260 ##$$a 1990 $b Jakarta =300 ##$$a xv, 307 hlm, ilus, 21 cm =650 ##$$a Penyakit-Mulut =850 ##$$a NBPNMAT